Report of the Organizing committee of the 1980 Olympic games in Moscow to the Meeting of the IOC executive board with the national olympic committees, Abidjan, 31.03.77 (Запись № 9347172)

Подробности
000 -МАРКЕР
контрольное поле 01774nam0a22003131 4500
001 - ИДЕНТИФИКАТОР ЗАПИСИ
контрольное поле RU\INFOCOMM_322\NLR\5000230662
005 - ИДЕНТИФИКАТОР ВЕРСИИ
контрольное поле 20250613112237.0
035 ## - ДРУГИЕ СИСТЕМНЫЕ НОМЕРА
Идентификатор записи (NLR Aleph) 009606983
100 ## - ДАННЫЕ ОБЩЕЙ ОБРАБОТКИ
Данные общей обработки 20130314d1977 |||y0rusy50 ca
101 0# - ЯЗЫК РЕСУРСА
Язык текста, звукозаписи и т.д. английский
102 ## - СТРАНА ПУБЛИКАЦИИ ИЛИ ПРОИЗВОДСТВА
Страна публикации российская федерация
105 ## - ПОЛЕ КОДИРОВАННЫХ ДАННЫХ: ТЕКСТОВЫЕ МАТЕРИАЛЫ, МОНОГРАФИЧЕСКИЕ
Кодированные данные о монографическом текстовом документе y z |||||
200 1# - ЗАГЛАВИЕ И СВЕДЕНИЯ ОБ ОТВЕТСТВЕННОСТИ
Основное заглавие Report of the Organizing committee of the 1980 Olympic games in Moscow to the Meeting of the IOC executive board with the national olympic committees, Abidjan, 31.03.77
210 ## - ПУБЛИКАЦИЯ, РАСПРОСТРАНЕНИЕ И ДР.
Место издания, распространения и т.д. [M.
Дата издания, распространения и т.д. 1977]
215 ## - ФИЗИЧЕСКАЯ ХАРАКТЕРИСТИКА
Специфическое обозначение материала и объем 26 л., 25 л. встреч. паг.; 14 л. ил.
Другие сведения о физической характеристике ил.
Размеры 29 см
300 ## - ОБЩИЕ ПРИМЕЧАНИЯ
Текст примечания В вып. дан. на вклейке: Отчет оргкомитета "Олимпиада-80"
423 #0 - ИЗДАЕТСЯ В ОДНОЙ ОБЛОЖКЕ ВМЕСТЕ С ...
Встроенное поле 2001#$a[Rapport du Comité d'organisation des Jeux Olympiques de 1980 à Moscou à la Réunion de la Commission exécutive du CIO avec les comités nationaux olympiques]
-- 71012$aJeux Olympiques$bComité d'organisation$d22$eMoscou$f1980$4070
Заглавие [Rapport du Comité d'organisation des Jeux Olympiques de 1980 à Moscou à la Réunion de la Commission exécutive du CIO avec les comités nationaux olympiques]
Автор Jeux Olympiques. Comité d'organisation (22 ; 1980 ; Moscou)
606 1# - НАИМЕНОВАНИЕ ТЕМЫ КАК ПРЕДМЕТ
Наименование темы Спортивные сооружения
Тематический подзаголовок Планировка и строительство
Географический подзаголовок Москва, город
Системный номер авторитетной/нормативной записи 1849893
Идентификатор авторитетной/нормативной записи RU\NLR\AUTH\661129529
607 ## - ГЕОГРАФИЧЕСКОЕ НАИМЕНОВАНИЕ КАК ПРЕДМЕТ
Географическое наименование Москва
Тематический подзаголовок Планировка и строительство
Код системы nlr_sh1
620 ## - МЕСТО И ДАТА ПУБЛИКАЦИИ, ИСПОЛНЕНИЯ И Т. Д.
Страна Москва
686 ## - ИНДЕКСЫ ДРУГИХ КЛАССИФИКАЦИЙ
Индекс Щ133(2Р-Р)92Москва1
Код системы
710 12 - НАИМЕНОВАНИЕ ОРГАНИЗАЦИИ - ПЕРВИЧНАЯ ОТВЕТСТВЕННОСТЬ
Начальный элемент ввода Olympic games
Структурное подразделение Organizing committee
Порядковый номер временной организации и / или порядковый номер ее части 22
Место проведения временной организации Moscow
Дата проведения временной организации 1980
Код отношения Автор
801 #1 - ИСТОЧНИК ЗАПИСИ
Страна российская федерация
Организация Infocomm
Дата составления 20130314
801 #0 - ИСТОЧНИК ЗАПИСИ
Страна российская федерация
Организация INFOCOMM
Правила каталогизации PSBO
852 ## - МЕСТОНАХОЖДЕНИЕ И ШИФР ХРАНЕНИЯ
Идентификатор организации NLR
Шифр хранения (Call Number) Ис21 Д-7/203
942 ## - ДОПОЛНИТЕЛЬНЫЕ ЭЛЕМЕНТЫ ЗАПИСИ (АБИС)
Тип экземпляра АБИС Книга
980 ## - КОЛЛЕКЦИЯ
Название коллекции Национальная библиография
Экземпляры
Тип экземпляра Дата поступления Библиотека постоянного хранения Библиотека текущего хранения Место хранения Шифр хранения Штрих-код Статус не для выдачи
Книга 26.10.2013 РНБ (Московский) РНБ (Московский) Иностранный книжный фонд Ис21 Д-7/203 9606983-10